000 00768nam-a2200217-a-4500
001 YSU0144797
003 AM-YeHGA
005 20250617160937.0
008 990317s1961 xxu 000 0 rus u
020 _c03.21
040 _aAM-YeHGA
245 1 0 _aПтицы
_nТ. 2, Вып. 1, Ч. 2, Ржанкообразные :
_bПодотряд Кулики /
_cЕ.В. Козлова ; Ред. тома А.И. Иванов
260 0 _aЛ.,
_aМосква :
_bАН СССР ,
_c1961.
300 _a504 с.
440 0 _aФауна СССР
440 0 _aНовая серия Зоологического института АН СССР
_vN 80
650 4 _aЖивотные ССС
650 4 _aПтицы
700 1 _aИванов, А.И.
_4edt
090 _c466067
999 _c462885
_d462885